Brawlers por Imagen - Estadísticas

Estadísticas generales
  • Esta prueba ha sido intentada 346 veces
    54 desde el último reinicio
  • La puntuación promedio es 74 de 100
Estadísticas de respuestas
Imagen Respuesta % Correcto
Bull
100%
Nita
100%
Shelly
100%
Barley
98%
El Primo
98%
Emz
98%
Jessie
98%
Poco
98%
Rosa
98%
8-BIT
95%
Colt
95%
Edgar
95%
Frank
95%
Piper
95%
Rico
95%
Mortis
93%
Pam
93%
Bea
90%
Bibi
90%
Brock
90%
Carl
90%
Genio
90%
Tara
90%
Tick
90%
Bo
88%
Dynamike
88%
Jacky
88%
Max
88%
Penny
88%
Angelo
85%
Gus
85%
Lola
85%
Stu
85%
Darryl
83%
Mandy
83%
Trunk
83%
Colette
80%
Gale
80%
Griff
80%
Nani
80%
Sprout
80%
Ash
78%
Bonnie
78%
Grom
78%
Leon
78%
Amber
76%
Belle
76%
Byron
76%
Crow
76%
Hank
76%
Sam
76%
Spike
76%
Larry & Lawrie
73%
Pearl
73%
Señor P
73%
Buzz
71%
Doug
71%
Fang
71%
Otis
71%
Chuck
68%
Draco
68%
Eve
68%
Mico
68%
Sandy
68%
Squeak
68%
Berry
66%
Gray
66%
Lou
66%
R-T
66%
Charlie
63%
Janet
63%
Maisie
63%
Melodie
63%
Kenji
61%
Meg
61%
Ollie
61%
Ruffs
61%
Shade
61%
Sirius
61%
Buster
59%
Clancy
59%
Cordelius
59%
Finx
59%
Kit
59%
Moe
59%
Willow
59%
Chester
56%
Lily
56%
Surge
56%
Meeple
54%
Juju
51%
Alli
49%
Lumi
49%
Glowy
44%
Jae-Yong
44%
Kaze
44%
Gigi
41%
Mina
41%
Ziggy
39%
Pierce
37%
No se encontraron pruebas coincidentes
Distribución de puntuación
Porcentaje de gente con cada puntuación
Porcentaje por número respondido
Historial de tus puntuaciones
No has intentado esta prueba desde el último reinicio